Getting Started with MATLAB,ver 6; a quick introduction for scientists and engineers (Record no. 268621)

000 -LEADER
fixed length control field 00327 a2200109 4500
001 - CONTROL NUMBER
control field 33548
082 ## - DEWEY DECIMAL CLASSIFICATION NUMBER
Classification number 519.402855369 PRA
090 ## - LOCALLY ASSIGNED LC-TYPE CALL NUMBER (OCLC); LOCAL CALL NUMBER (RLIN)
-- 22320
-- 22320
100 ## - MAIN ENTRY--PERSONAL NAME
Personal name Pratap,R
245 ## - TITLE STATEMENT
Title Getting Started with MATLAB,ver 6; a quick introduction for scientists and engineers
260 ## - PUBLICATION, DISTRIBUTION, ETC.
Place of publication, distribution, etc. NY
Name of publisher, distributor, etc. Oxford University Press
Date of publication, distribution, etc. 2002
942 ## - ADDED ENTRY ELEMENTS (KOHA)
Institution code [OBSOLETE] NUST-CAE
Call number prefix 519.402855369 PRA
Holdings
Withdrawn status Lost status Damaged status Not for loan Collection code Permanent Location Current Location Date acquired Total Checkouts Full call number Barcode Date last seen Price effective from Koha item type
          College of Aeronautical Engineering (CAE) College of Aeronautical Engineering (CAE) 04/03/2017   519.402855369 PRA CAEN-2107 04/05/2017 04/05/2017 Book
© 2023 Central Library, National University of Sciences and Technology. All Rights Reserved.